[Event "CRO-chT2 (Women)"]
[Site "Strizivojna"]
[Date "2021.11.21"]
[Round "3.2"]
[White "Smetisko, Lucija"]
[Black "Batory, Lucija"]
[Result "1/2-1/2"]
[WhiteElo "1640"]
[BlackElo "1698"]
[PlyCount "80"]
[EventDate "2021.11.20"]
[EventType "team-tourn"]
[EventRounds "3"]
[EventCountry "CRO"]
[SourceTitle "EXT 2023"]
[Source "ChessBase"]
[SourceDate "2022.10.05"]
[SourceVersion "1"]
[SourceVersionDate "2022.10.05"]
[SourceQuality "1"]
[WhiteTeam "Zagreb Ericsson Tesla (W)"]
[BlackTeam "Strizivojna Amater (W)"]
[WhiteTeamCountry "CRO"]
[BlackTeamCountry "CRO"]

1. d4 d5 2. Nf3 e6 3. Bf4 Nf6 4. e3 c5 5. c3 Nbd7 6. Nbd2 Be7 7. Bd3 0-0 8. 0-0 b6 9. Ne5 Bb7 10. Bg3 a5 11. b3 cxd4 12. cxd4 Ba6 13. Bxa6 Rxa6 14. Nc6 Qe8 15. Nxe7+ Qxe7 16. Qe2 Raa8 17. Rfc1 Rfc8 18. Nf3 Ne4 19. Bf4 Ndf6 20. Rc2 Qd7 21. Ne5 Qb7 22. Rac1 g5 23. Bg3 Nxg3 24. hxg3 Ne4 25. Qg4 Rxc2 26. Rxc2 h6 27. Qh5 Kg7 28. Rc6 Nf6 29. Qe2 Rc8 30. Qb5 Rxc6 31. Qxc6 Qxc6 32. Nxc6 Ne4 33. b4 axb4 34. Nxb4 Nd2 35. f3 g4 36. Kf2 Kf6 37. Ke2 Nc4 38. Kd3 Nb2+ 39. Kc2 Nc4 40. Kd3 Nb2+ 1/2-1/2

[Event "CRO-chT2 (W)"]
[Site "Osijek"]
[Date "2020.11.21"]
[Round "2.1"]
[White "Keckes, Anamaria"]
[Black "Smetisko, Lucija"]
[Result "0-1"]
[WhiteElo "1652"]
[BlackElo "1631"]
[PlyCount "114"]
[EventDate "2020.11.21"]
[EventType "team-tourn"]
[EventRounds "3"]
[EventCountry "CRO"]
[SourceTitle "EXT 2022"]
[Source "ChessBase"]
[SourceDate "2021.10.06"]
[SourceVersion "1"]
[SourceVersionDate "2021.10.06"]
[SourceQuality "1"]
[WhiteTeam "Djurdjevac Picok (W)"]
[BlackTeam "Zagreb Ericsson Tesla (W)"]
[WhiteTeamCountry "CRO"]
[BlackTeamCountry "CRO"]

1. d4 g6 2. c4 Bg7 3. Nf3 b6 4. g3 Bb7 5. Bg2 d6 6. 0-0 Nd7 7. Nc3 Rb8 8. d5 e6 9. dxe6 fxe6 10. Ng5 Qe7 11. Bh3 Nc5 12. Nb5 a6 13. Nd4 Bxd4 14. Qxd4 e5 15. Qd1 h6 16. Nf3 g5 17. b4 Ne6 18. Qa4+ Kf7 19. Bb2 Nf6 20. Bf5 Rbg8 21. Rad1 g4 22. Nh4 Ng5 23. f3 Nh3+ 24. Kg2 Nh5 25. Bg6+ Rxg6 26. Nxg6 Kxg6 27. Qc2+ Kg7 28. Qf5 gxf3+ 29. exf3 Ng5 30. c5 Bc8 31. cxd6 cxd6 32. Qd3 Bh3+ 33. Kf2 Bxf1 34. Rxf1 Rf8 35. Kg2 b5 36. f4 Nf7 37. fxe5 Nxe5 38. Rxf8 Qxf8 39. Bxe5+ dxe5 40. Qd7+ Qf7 41. Qg4+ Kh8 42. Qc8+ Kh7 43. Qc2+ Kg7 44. Qb2 Qd5+ 45. Kf2 Nf6 46. Qe2 Ng4+ 47. Kg1 Qd4+ 48. Kh1 Qe4+ 49. Qxe4 Nf2+ 50. Kg2 Nxe4 51. Kf3 Nc3 52. a3 Nb1 53. Ke4 Nxa3 54. Kxe5 Nc2 55. Kd5 Nxb4+ 56. Kc5 Nd3+ 57. Kb6 b4 0-1

[Event "CRO-ch (Women) op"]
[Site "Durdevac"]
[Date "2020.09.01"]
[Round "1"]
[White "Smetisko, Lucija"]
[Black "Vujnovic, Patricija"]
[Result "0-1"]
[WhiteElo "1550"]
[BlackElo "2098"]
[PlyCount "46"]
[EventDate "2020.09.01"]
[EventType "swiss"]
[EventRounds "9"]
[EventCountry "CRO"]
[SourceTitle "CBM 198 Extra"]
[Source "ChessBase"]
[SourceDate "2020.11.30"]
[SourceVersion "1"]
[SourceVersionDate "2020.11.30"]
[SourceQuality "1"]

1. d4 Nf6 2. Bf4 e6 3. e3 b6 4. Nd2 Bb7 5. Ngf3 Be7 6. Bd3 c5 7. c3 0-0 8. Qe2 cxd4 9. cxd4 Nd5 10. Bg3 f5 11. h4 Nb4 12. Bb1 Ba6 13. Qd1 N8c6 14. Bf4 Rc8 15. Ng5 Qe8 16. g4 Nd3+ 17. Bxd3 Bxd3 18. a3 h6 19. Nxe6 dxe6 20. Qb3 Ba6 21. Qxe6+ Qf7 22. gxf5 Qxe6 23. fxe6 Nxd4 0-1

[Event "CRO-ch U17/U19"]
[Site "Vinkovci"]
[Date "2019.07.28"]
[Round "9"]
[White "Zuteg, Dorotea"]
[Black "Smetisko, Lucija"]
[Result "0-1"]
[WhiteElo "1688"]
[BlackElo "1544"]
[PlyCount "84"]
[EventDate "2019.07.22"]
[EventType "swiss"]
[EventRounds "9"]
[EventCountry "CRO"]
[SourceTitle "EXT 2020"]
[Source "ChessBase"]
[SourceDate "2019.10.17"]
[SourceVersion "1"]
[SourceVersionDate "2019.10.17"]
[SourceQuality "1"]

1. d4 d5 2. Bf4 Nf6 3. e3 e6 4. c4 Bd6 5. Bg3 0-0 6. Nf3 c5 7. Nc3 a6 8. cxd5 exd5 9. Bd3 c4 10. Bc2 b5 11. a3 Nc6 12. 0-0 Re8 13. Bh4 Be7 14. Bxf6 Bxf6 15. h3 Rb8 16. b3 Na5 17. bxc4 Nxc4 18. Bd3 Bb7 19. Qc2 g6 20. Bxc4 dxc4 21. Nd2 Qc7 22. Nde4 Be7 23. Rfd1 f5 24. Ng3 Bd6 25. Nf1 Qe7 26. Qb2 Qg5 27. d5 Rbd8 28. f4 Qe7 29. Qc1 Bc5 30. Re1 Bxd5 31. Nxd5 Rxd5 32. a4 Rd3 33. axb5 axb5 34. Kf2 Qh4+ 35. Kf3 Qf6 36. Rb1 Qc6+ 37. Kf2 Qb6 38. g4 fxg4 39. hxg4 Qf6 40. g5 Qxf4+ 41. Kg2 Bxe3 42. Rxe3 Rdxe3 0-1

[Event "CRO-ch U15 Girls"]
[Site "Trogir"]
[Date "2019.06.17"]
[Round "1"]
[White "Smetisko, Lucija"]
[Black "Biljesko, Marija"]
[Result "1-0"]
[WhiteElo "1576"]
[BlackElo "1228"]
[PlyCount "110"]
[EventDate "2019.06.17"]
[EventType "swiss"]
[EventRounds "9"]
[EventCountry "CRO"]
[SourceTitle "EXT 2020"]
[Source "ChessBase"]
[SourceDate "2019.10.17"]
[SourceVersion "1"]
[SourceVersionDate "2019.10.17"]
[SourceQuality "1"]

1. e4 e5 2. Nf3 Nc6 3. Bc4 Be7 4. d4 d6 5. d5 Nb8 6. 0-0 h6 7. h3 Nf6 8. Re1 0-0 9. b4 b6 10. b5 Nbd7 11. Nc3 Bb7 12. Bb2 Re8 13. Nd2 Nh7 14. a4 Bg5 15. Nb3 Be7 16. Na2 Nhf6 17. Nb4 Rf8 18. Nc6 Qe8 19. Qe2 Nb8 20. Ra3 Nxc6 21. bxc6 Bc8 22. a5 Rb8 23. axb6 axb6 24. Ra7 Bd8 25. Ba6 Bxa6 26. Qxa6 Qe7 27. Rb7 Rc8 28. Rxb6 cxb6 29. Qxc8 Qc7 30. Qxc7 Bxc7 31. f3 Ra8 32. Ra1 Rxa1+ 33. Bxa1 Nh5 34. Kf2 g5 35. Nc1 Ng7 36. Ne2 f5 37. Nc3 f4 38. Nb5 Bb8 39. c7 Bxc7 40. Nxc7 Kf7 41. Na8 b5 42. Nc7 b4 43. Na6 Ne8 44. Bb2 Ke7 45. Bc1 Kd7 46. Bd2 Kc8 47. Nxb4 Kb7 48. Nc6 Nf6 49. Nd8+ Kb6 50. Nf7 Ne8 51. Nxh6 Kc5 52. Nf7 Nf6 53. Nxg5 Nh5 54. Ne6+ Kb6 55. Bb4 Kb5 1-0

[Event "CRO-ch U15 Girls"]
[Site "Trogir"]
[Date "2018.06.18"]
[Round "5"]
[White "Smetisko, Lucija"]
[Black "Dejanovic, Tereza"]
[Result "0-1"]
[WhiteElo "1557"]
[BlackElo "1815"]
[PlyCount "94"]
[EventDate "2018.06.16"]
[EventType "swiss"]
[EventRounds "9"]
[EventCountry "CRO"]
[SourceTitle "EXT 2019"]
[Source "ChessBase"]
[SourceDate "2018.10.10"]
[SourceVersion "1"]
[SourceVersionDate "2018.10.10"]
[SourceQuality "1"]

1. e4 c5 2. Nf3 d6 3. d4 cxd4 4. Nxd4 Nf6 5. Nc3 a6 6. Bg5 e6 7. Qf3 Be7 8. 0-0-0 Nbd7 9. Kb1 Qc7 10. Bc1 Nc5 11. Bd3 Rb8 12. g4 Nfd7 13. Qg3 b5 14. f4 Bb7 15. Rde1 Bf6 16. Qf2 b4 17. Nd1 Nxd3 18. cxd3 Nc5 19. Qe3 Rc8 20. Nf2 b3 21. a3 0-0 22. g5 Bxd4 23. Qxd4 e5 24. Qe3 exf4 25. Qxf4 Nxd3 26. Nxd3 Qc2+ 27. Ka1 Qxd3 28. Rhg1 f5 29. exf5 Rxf5 30. Qg3 Qxg3 31. Rxg3 Re5 32. Rd1 Rd5 33. Re1 Re5 34. Rd1 Rd5 35. Re1 Rdc5 36. Bf4 Bd5 37. Kb1 Rc4 38. Be3 Be4+ 39. Ka1 Bc2 40. Bd2 d5 41. Rf3 R4c7 42. Bc3 Rf7 43. Rfe3 Rd7 44. Re7 Rxe7 45. Rxe7 Kf8 46. Rd7 Be4 47. Rb7 d4 0-1

[Event "CRO-chT U16 final"]
[Site "Djurdjevac"]
[Date "2016.12.28"]
[Round "3.33"]
[White "Smetisko, Lucija"]
[Black "Winkler, Sven"]
[Result "0-1"]
[WhiteElo "1645"]
[BlackElo "1643"]
[PlyCount "104"]
[EventDate "2016.12.27"]
[EventType "team-tourn"]
[EventRounds "7"]
[EventCountry "CRO"]
[SourceTitle "EXT 2019"]
[Source "ChessBase"]
[SourceDate "2018.10.10"]
[SourceVersion "1"]
[SourceVersionDate "2018.10.10"]
[SourceQuality "1"]

1. e4 e6 2. d4 d5 3. exd5 exd5 4. Nc3 c6 5. Bd3 Bd6 6. Nge2 Ne7 7. Bg5 f6 8. Bf4 Bf5 9. Qd2 Bxd3 10. Qxd3 Na6 11. a3 Nc7 12. 0-0-0 0-0 13. g4 b5 14. Rhg1 Ne6 15. Qe3 Nxf4 16. Nxf4 Bxf4 17. Qxf4 Ng6 18. Qd2 Qd6 19. Na2 Qxh2 20. Nb4 Qd6 21. Rde1 Rac8 22. Nd3 Rfe8 23. Nc5 Qf4 24. Qxf4 Nxf4 25. Kd2 Kf7 26. Nb7 Rxe1 27. Rxe1 Rc7 28. Nd6+ Kg6 29. f3 Rd7 30. Nf5 Kf7 31. Rg1 g6 32. Ne3 Re7 33. Rh1 Kg7 34. Re1 Kf7 35. Rh1 Kg7 36. Rg1 Kf7 37. Re1 Kf8 38. c3 a5 39. Rg1 Kf7 40. Rh1 Kg7 41. Re1 Kf7 42. Rh1 Kg7 43. Rh4 Rxe3 44. Kxe3 Ng2+ 45. Kf2 Nxh4 46. Kg3 g5 47. f4 Ng6 48. fxg5 fxg5 49. Kf3 Nf4 50. Ke3 Kg6 51. Kf3 h5 52. b3 Nd3 0-1

[Event "EU-ch U12 Girls 26th"]
[Site "Prague"]
[Date "2016.08.25"]
[Round "7"]
[White "Ziegenfuss, Antonia"]
[Black "Smetisko, Lucija"]
[Result "1-0"]
[WhiteElo "1829"]
[BlackElo "1555"]
[PlyCount "41"]
[EventDate "2016.08.18"]
[EventType "swiss"]
[EventRounds "9"]
[EventCountry "CZE"]
[SourceTitle "CBM 174 Extra"]
[Source "ChessBase"]
[SourceDate "2016.10.10"]
[SourceVersion "1"]
[SourceVersionDate "2016.10.10"]
[SourceQuality "1"]

1. d4 Nf6 2. c4 g6 3. Nc3 d5 4. Bf4 Bg7 5. e3 0-0 6. Rc1 c6 7. Nf3 Bf5 8. Qb3 Qd7 9. Ne5 Qc8 10. cxd5 cxd5 11. e4 dxe4 12. Nb5 Qd8 13. Nc7 Nbd7 14. Nxa8 Qxa8 15. Bc4 Nxe5 16. dxe5 Nd7 17. Bxf7+ Kh8 18. e6 Ne5 19. Bxe5 Bxe5 20. h3 Bf4 21. Qc3+ 1-0

[Event "EU-ch U12 Girls 26th"]
[Site "Prague"]
[Date "2016.08.20"]
[Round "3"]
[White "Subjakova, Kristina"]
[Black "Smetisko, Lucija"]
[Result "0-1"]
[WhiteElo "1271"]
[BlackElo "1555"]
[PlyCount "95"]
[EventDate "2016.08.18"]
[EventType "swiss"]
[EventRounds "9"]
[EventCountry "CZE"]
[SourceTitle "CBM 174 Extra"]
[Source "ChessBase"]
[SourceDate "2016.10.10"]
[SourceVersion "1"]
[SourceVersionDate "2016.10.10"]
[SourceQuality "1"]

1. e4 e5 2. Nf3 Nc6 3. d4 exd4 4. Nxd4 Bc5 5. Be3 Qf6 6. Nb5 Bxe3 7. fxe3 Qh4+ 8. g3 Qxe4 9. Nxc7+ Kd8 10. Nxa8 Nf6 11. Qd6 Ne8 12. Qf4 Qxh1 13. Nc3 Qxh2 14. Nd5 Qh5 15. Nac7 Qe5 16. Qxe5 Nxe5 17. Nxe8 Rxe8 18. 0-0-0 Ng4 19. Re1 b6 20. e4 Bb7 21. Kd2 Bxd5 22. exd5 Rxe1 23. Kxe1 Ke7 24. Ke2 Kd6 25. c4 Kc5 26. Kd3 Ne5+ 27. Kc3 h6 28. b4+ Kd6 29. Bg2 g6 30. Kd4 f6 31. c5+ Kc7 32. d6+ Kc8 33. a4 Nf7 34. a5 bxa5 35. bxa5 Nd8 36. Kc4 a6 37. Ba8 h5 38. Kd5 g5 39. Ke4 h4 40. gxh4 gxh4 41. Kf3 Ne6 42. c6 dxc6 43. Bxc6 Nd4+ 44. Kg4 Nxc6 45. Kxh4 Kd7 46. Kg4 Kxd6 47. Kf5 Nxa5 48. Kxf6 0-1

[Event "CRO-chT (Women) 24th"]
[Site "Bol"]
[Date "2015.10.08"]
[Round "7.14"]
[White "Cvitan, Ena"]
[Black "Smetisko, Lucija"]
[Result "1-0"]
[WhiteElo "2007"]
[BlackElo "1517"]
[PlyCount "101"]
[EventDate "2015.10.03"]
[EventType "team-tourn"]
[EventRounds "9"]
[EventCountry "CRO"]
[SourceTitle "CBM 168 Extra"]
[Source "ChessBase"]
[SourceDate "2015.10.29"]
[SourceVersion "1"]
[SourceVersionDate "2015.10.29"]
[SourceQuality "1"]
[WhiteTeam "Rijeka Liburija (W)"]
[BlackTeam "Zagreb Ericsson Tesla (W)"]
[WhiteTeamCountry "CRO"]
[BlackTeamCountry "CRO"]

1. d4 Nf6 2. c4 g6 3. Nf3 d5 4. cxd5 Nxd5 5. e4 Nf6 6. Nc3 Bg7 7. h3 0-0 8. Bc4 c5 9. d5 b6 10. 0-0 Ba6 11. Qe2 Qc8 12. Nb5 Qd7 13. Bf4 Nxe4 14. Nc7 Bxc4 15. Qxc4 Nd6 16. Bxd6 Qxd6 17. Nxa8 Nd7 18. Nxb6 Nxb6 19. Qa6 Nxd5 20. Qxd6 exd6 21. Rad1 Nf4 22. Rxd6 Bxb2 23. Rb1 Bc3 24. Ra6 Bd4 25. Rxa7 Ne6 26. a4 c4 27. Nxd4 Nxd4 28. Rd1 Nc6 29. Rc7 Ne5 30. Re1 Nd3 31. Re2 Nf4 32. Re4 Ne6 33. Rcxc4 Ra8 34. Re5 Ra6 35. a5 Kg7 36. Rb5 Kf6 37. Ra4 Kg7 38. Rb6 Ra7 39. a6 Nc7 40. Rc6 Ne6 41. Rb4 Ra8 42. f4 h6 43. g4 Nd8 44. Rd6 Ne6 45. Ra4 Ra7 46. Rb6 Nd8 47. Rb8 Nc6 48. Rb7 Ra8 49. a7 Kf8 50. Rc7 Ne7 51. Rb4 1-0

[Event "CRO-chT (Women) 24th"]
[Site "Bol"]
[Date "2015.10.07"]
[Round "6.34"]
[White "Smetisko, Lucija"]
[Black "Turk, Vesna"]
[Result "0-1"]
[WhiteElo "1517"]
[BlackElo "1728"]
[PlyCount "106"]
[EventDate "2015.10.03"]
[EventType "team-tourn"]
[EventRounds "9"]
[EventCountry "CRO"]
[SourceTitle "CBM 168 Extra"]
[Source "ChessBase"]
[SourceDate "2015.10.29"]
[SourceVersion "1"]
[SourceVersionDate "2015.10.29"]
[SourceQuality "1"]
[WhiteTeam "Zagreb Ericsson Tesla (W)"]
[BlackTeam "Sisak (W)"]
[WhiteTeamCountry "CRO"]
[BlackTeamCountry "CRO"]

1. e4 d5 2. exd5 Qxd5 3. Nc3 Qd6 4. d4 Nf6 5. Nf3 Bg4 6. Be2 c6 7. Bg5 Nbd7 8. Qd3 e6 9. a3 Be7 10. 0-0-0 Nd5 11. Ne4 Bxg5+ 12. Nexg5 Nf4 13. Qd2 Nxe2+ 14. Qxe2 0-0 15. Kb1 Qf4 16. Ne4 Rad8 17. Rhg1 Qxh2 18. Ng3 Qh6 19. Qe4 Qg6 20. Qe3 Qf6 21. Rh1 h6 22. Ne4 Qg6 23. Nh4 Qh7 24. f3 Bf5 25. Nxf5 exf5 26. Nf2 Rfe8 27. Qd2 Nb6 28. g4 Nc4 29. Qf4 fxg4 30. Nxg4 Re6 31. Rdg1 Kf8 32. Rh2 Rde8 33. Rhh1 Re2 34. Rc1 Nd2+ 35. Ka1 Nc4 36. Kb1 Qg6 37. Rhg1 Qd6 38. Qxd6+ Nxd6 39. Rcd1 Nc4 40. Kc1 h5 41. Ne5 Nxe5 42. dxe5 R2xe5 43. Rd4 Re1+ 44. Rxe1 Rxe1+ 45. Kd2 Re5 46. c4 Ke7 47. Rh4 g6 48. b3 Kf6 49. Rd4 g5 50. Rd6+ Re6 51. Rd7 Re7 52. Rd4 h4 53. f4 g4 0-1

[Event "EU Union-ch U12 13th"]
[Site "Mureck"]
[Date "2015.08.05"]
[Round "1"]
[White "Smetisko, Lucija"]
[Black "Zaloznik, S Gal"]
[Result "1/2-1/2"]
[WhiteElo "1531"]
[BlackElo "1097"]
[PlyCount "59"]
[EventDate "2015.08.05"]
[EventType "swiss"]
[EventRounds "9"]
[EventCountry "AUT"]
[SourceTitle "EXT 2016"]
[Source "ChessBase"]
[SourceDate "2015.10.08"]
[SourceVersion "1"]
[SourceVersionDate "2015.10.08"]
[SourceQuality "1"]

1. e4 e5 2. Nf3 Nc6 3. Bc4 Bc5 4. c3 d6 5. d4 Bb6 6. d5 Nce7 7. Bd2 Nf6 8. Qc2 0-0 9. Bg5 Ng6 10. Nbd2 h6 11. Bxf6 Qxf6 12. Rf1 a6 13. 0-0-0 Ba7 14. h3 b5 15. Be2 Nf4 16. Bd3 Nxg2 17. Rg1 Nf4 18. h4 Bxf2 19. Rgf1 Bxh4 20. Nxh4 Qxh4 21. Nf3 Qf6 22. Rg1 g6 23. Qh2 Kg7 24. Nh4 g5 25. Bc2 Ng6 26. Rdf1 Qd8 27. Nf5+ Bxf5 28. exf5 Nf4 29. Be4 f6 30. Bc2 1/2-1/2

[Event "CRO-ch U17 Girls"]
[Site "Krapinske Toplice"]
[Date "2015.07.28"]
[Round "6"]
[White "Klaric, Nikolina"]
[Black "Smetisko, Lucija"]
[Result "1-0"]
[WhiteElo "1729"]
[BlackElo "1531"]
[PlyCount "83"]
[EventDate "2015.07.25"]
[EventType "swiss"]
[EventRounds "9"]
[EventCountry "CRO"]
[SourceTitle "CBM 167 Extra"]
[Source "ChessBase"]
[SourceDate "2015.09.14"]
[SourceVersion "1"]
[SourceVersionDate "2015.09.14"]
[SourceQuality "1"]

1. c4 e5 2. Nc3 Nf6 3. g3 d5 4. cxd5 Nxd5 5. Bg2 Nb6 6. Nf3 Nc6 7. d3 Be7 8. b3 0-0 9. Bb2 Bg4 10. 0-0 Qd7 11. Ne4 Bxf3 12. Bxf3 f5 13. Nd2 Bf6 14. Qc2 Rad8 15. Rfd1 f4 16. Bxc6 bxc6 17. Rac1 fxg3 18. hxg3 Bg5 19. Qxc6 Qf5 20. Qf3 Qh3 21. Qg2 Qxg2+ 22. Kxg2 e4 23. Rxc7 Bf6 24. Bxf6 Rxf6 25. Nxe4 Re6 26. Rdc1 a6 27. R1c6 Rxc6 28. Rxc6 Rb8 29. d4 a5 30. Rc5 a4 31. Rb5 axb3 32. axb3 Nd7 33. Rxb8+ Nxb8 34. Kf3 Kf7 35. Kf4 Nc6 36. e3 Nb4 37. Nc5 Nd5+ 38. Ke5 Nf6 39. f3 Ke7 40. d5 h6 41. d6+ Kf7 42. b4 1-0

[Event "Busevec op U20 Girls 14th"]
[Site "Busevec"]
[Date "2015.05.01"]
[Round "3"]
[White "Smetisko, Lucija"]
[Black "Mikic, Ivana"]
[Result "1-0"]
[WhiteElo "1546"]
[BlackElo "1529"]
[PlyCount "61"]
[EventDate "2015.05.01"]
[EventType "swiss (rapid)"]
[EventRounds "6"]
[EventCountry "CRO"]
[SourceTitle "CBM 166 Extra"]
[Source "ChessBase"]
[SourceDate "2015.06.18"]
[SourceVersion "1"]
[SourceVersionDate "2015.06.18"]
[SourceQuality "1"]

1. e4 e5 2. Nf3 Nc6 3. Bc4 Bc5 4. c3 Nf6 5. d3 d6 6. b4 Bb6 7. a4 a6 8. Nbd2 Ng4 9. 0-0 0-0 10. Qe2 Be6 11. Bxe6 fxe6 12. Nc4 Ba7 13. Ng5 h5 14. Nxe6 Qh4 15. h3 Rxf2 16. Rxf2 Bxf2+ 17. Kh1 b5 18. Ne3 Qe7 19. Nxg4 Qxe6 20. Nxf2 Rf8 21. axb5 axb5 22. Be3 Qg6 23. Rf1 h4 24. Ng4 Ra8 25. Qf2 Qh5 26. Qf5 Qxf5 27. Rxf5 Ra1+ 28. Kh2 Rd1 29. d4 exd4 30. cxd4 Nxd4 31. Rd5 1-0